| 000 | 00713cam a2200181 4500 | ||
|---|---|---|---|
| 001 | X118508 | ||
| 008 | 020624n2002 000 0 eng u | ||
| 035 | _a(Sirsi) u118508 | ||
| 100 | _aHoult, P | ||
| 245 | _aTea for all | ||
| 260 | _c2002 | ||
| 490 |
_aLaw Society's Gazette _v 99(17) 25 April 2002, 24-25(2) |
||
| 520 | _aArgues that World Trade Organisation (WTO) may not be able to resolve trade disputes. Dispute between EU and President Bush over steel imports has drawn attention to untested WTO rules, and highlighted their weaknesses, such as over-complexity and constructive ambiguity. | ||
| 650 | _aWORLD TRADE ORGANISATION | ||
| 650 | _aWTO | ||
| 690 |
_aDispute resolution _96236 |
||
| 942 | _n0 | ||
| 999 |
_c70554 _d70554 |
||